Does the criminal justice system treat domestic violence and sexual assault offenders leniently?

Guardado en:  
Detalles Bibliográficos
Autores principales: Felson, Richard B. (Autor) ; Pare, Paul-Philippe (Autor)
Tipo de documento: Electrónico Artículo
Lenguaje:Inglés
Publicado: 2007
En: Justice quarterly
Año: 2007, Volumen: 24, Número: 3, Páginas: 435-460
Acceso en línea: Volltext (kostenfrei)
Verificar disponibilidad: HBZ Gateway

MARC

LEADER 00000caa a22000002c 4500
001 1912518023
003 DE-627
005 20250124054937.0
007 cr uuu---uuuuu
008 241217s2007 xx |||||o 00| ||eng c
024 7 |a 10.1080/07418820701485601  |2 doi 
035 |a (DE-627)1912518023 
035 |a (DE-599)KXP1912518023 
040 |a DE-627  |b ger  |c DE-627  |e rda 
041 |a eng 
084 |a 2,1  |2 ssgn 
100 1 |a Felson, Richard B.  |e VerfasserIn  |0 (DE-588)1042850151  |0 (DE-627)769764169  |0 (DE-576)170972798  |4 aut 
109 |a Felson, Richard B. 
245 1 0 |a Does the criminal justice system treat domestic violence and sexual assault offenders leniently? 
264 1 |c 2007 
336 |a Text  |b txt  |2 rdacontent 
337 |a Computermedien  |b c  |2 rdamedia 
338 |a Online-Ressource  |b cr  |2 rdacarrier 
700 1 |a Pare, Paul-Philippe  |e VerfasserIn  |4 aut 
773 0 8 |i Enthalten in  |t Justice quarterly  |d Omaha, Neb. : The Academy, 1984  |g 24(2007), 3, Seite 435-460  |w (DE-627)357164741  |w (DE-600)2093787-8  |w (DE-576)256066965  |x 1745-9109  |7 nnas 
773 1 8 |g volume:24  |g year:2007  |g number:3  |g pages:435-460 
787 0 8 |i Forschungsdaten  |a Tjaden, Patricia  |t Violence and Threats of Violence Against Women and Men in the United States, 1994-1996  |d [Erscheinungsort nicht ermittelbar] : [Verlag nicht ermittelbar], 1999  |w (DE-627)1840060492 
856 |u https://zenodo.org/record/889956  |x unpaywall  |z Vermutlich kostenfreier Zugang  |h repository [deprecated] 
856 4 0 |u https://doi.org/10.1080/07418820701485601  |x Resolving-System  |z kostenfrei  |3 Volltext  |7 0 
935 |a mkri 
951 |a AR 
ELC |a 1 
LOK |0 000 xxxxxcx a22 zn 4500 
LOK |0 001 4637483522 
LOK |0 003 DE-627 
LOK |0 004 1912518023 
LOK |0 005 20241217044336 
LOK |0 008 241217||||||||||||||||ger||||||| 
LOK |0 035   |a (DE-2619)ICPSR47894 
LOK |0 040   |a DE-2619  |c DE-627  |d DE-2619 
LOK |0 092   |o n 
LOK |0 852   |a DE-2619 
LOK |0 852 1  |9 00 
LOK |0 935   |a nacp 
LOK |0 939   |a 17-12-24  |b l01 
OAS |a 1 
ORI |a SA-MARC-krimdoka001.raw